000 01011nam a22002657a 4500
005 20240530110903.0
008 190117s2007 ua a g b 000 1|ara d
017 _a2007/21405
_bمصر. دار الكتب
020 _a9771805118
040 _aEG-CaGPL
_cEG-CaGPL
082 0 4 _221
_a810.9\
_bأ أ
100 0 _aاحمد زكريا الشلق
245 1 0 _aاوراق طه حسين ومراسلاته /
_cاحمد زكريا الشلق ، محمد صابر عرب
250 _aط.1
260 _aالقاهرة :
_bمطبعة دار الكتب و الوثائق القومية بالقاهرة ،
_c2007.
300 _a2 مج :
_bايض ؛
_c29 سم.
504 _aيشتمل على ارجاعات ببليوجرافية
600 0 _aطه حسين
650 0 7 _2qrmak
_aالادب العربى
650 0 7 _2qrmak
_aالقصص العربية
_xتاريخ ونقد
651 _2qrmak
700 0 _aمحمد صابر عرب
942 _2ddc
_cBK
999 _c66164
_d66164